00831nam a2200241Ia 4500003000900000008004100009020001800050040001600068080001300084100002900097245010800126260003700234300001700271490003200288650002700320650003600347650002500383650001700408650001900425942000700444999001700451952012100468IN-BaIIA211028s9999 xx 000 0 eng d a0-201-15672-5 cIIA Library a533bKRU aKruer, William L.917335 4aThe physics of laser plasma interactionscKruer, William L.  aCaliforniabAddison-Wesleyc1988 axviii, 182p. aFrontiers in physics; v. 73 aBack scattering917336 aLaser plasma interaction910094 aLaser plasmas910062 aLasers93580 aNASA thesaurus cBK c10212d10212 00104070aBANbBANcGENd1991-09-03g1868.62l0o533/ KRUp11122r2021-11-05v1868.62w1991-09-03yBKGRs. 1868.62